| 000 | 00686nam a2200205 a 4500 | ||
|---|---|---|---|
| 005 | 20240924064327.0 | ||
| 008 | 991125s1976 fr 000 0 eng u | ||
| 020 | _a9280310747 | ||
| 035 | _aUPN01000002329 | ||
| 049 | _aUNE | ||
| 050 | 4 |
_aLB2806 _bM6.2 |
|
| 100 | 1 |
_aMontgomery, John D. _937453 |
|
| 245 | 1 | 0 |
_aAlternatives and decisions in educational planning / _cJohn D. Montgomery. |
| 260 |
_aParís : _bUNESCO, International Institute for Educational Planning, _c1976. |
||
| 300 | _a66 p. | ||
| 440 | 0 |
_aFundamentals of educational planning ; _v22 |
|
| 500 | _aTambién localizas ejemplares en Colección General | ||
| 650 | 4 |
_aEducación _xPlanificación _91146 |
|
| 905 | _aLibro | ||
| 999 |
_c2329 _d2329 |
||